000
00323nam a2200121Ia 4500
008
190722s9999 xx 000 0 und d
020
_a
978-81-207-7742-2
100
_a
Biswanath Ghosh
245
0
_a
Compensation & Reward Management
260
_a
New Delhi
_b
Sterling Publishers (Pvt.) Ltd.
_c
2012
300
_a
229
942
_c
BK
999
_c
418
_d
418